000 00701nam a2200205Ii 4500
003 JO-AjNU
008 230605s9999||||xx |||||||||||||| ||und||
040 _aJO-AjNU
_bara
_erda
_cJO-AjNU
041 _aara
050 1 4 _aTS170 2004
100 3 _aابو غزاله، هيثم ,
_eauthor
_919390
245 0 0 _aاسس تصميم قوالب حقن المواد البلاستيكية
250 _aط1
264 3 1 _aحلب: شعاع للنشر والعلوم، 2004
300 _a366ص
_bصور توضيحية
336 _atext
_btxt
_2rdacontent
337 _aunmediated
_bn
_2rdamedia
338 _avolume
_bnc
_2rdacarrier
650 4 _aتصميم القوالب-مواد بلاستيكية
_919391
999 _aA6391
_c9959
_d9959